[Event "16th EUR-ch"]
[Site "Jerusalem ISR"]
[Date "2015.03.05"]
[Round "9"]
[White "Kozul, Zdenko"]
[Black "Can, Emre"]
[Result "0-1"]
[WhiteElo "2630"]
[BlackElo "2555"]
[EventDate "2015.02.24"]
[PlyCount "104"]

1.d4 Nf6 2.Nf3 g6 3.c4 Bg7 4.Nc3 O-O 5.e4 d6 6.Be2 e5 7.O-O Nc6 8.d5 Ne7 
9.a4 a5 10.Ne1 Nd7 11.Nd3 f5 12.f3 Kh8 13.Nb5 Ng8 14.Ra3 Ngf6 15.exf5 gxf5
16.Bg5 b6 17.f4 e4 18.Ne1 Nc5 19.Nc2 Bd7 20.Ncd4 Rc8 21.g4 fxg4 22.f5 Qe8 
23.Ne6 Bxe6 24.fxe6 Qg6 25.Bh4 Ng8 26.Rxf8 Rxf8 27.Nxc7 Qh6 28.Bg3 Bxb2 
29.Nb5 Bxa3 30.Qa1+ Rf6 31.Qxa3 Nd3 32.Nc3 Qe3+ 33.Kh1 Nf2+ 34.Kg2 Nh3 35.
Qa1 Nf4+ 36.Bxf4 Qxf4 37.Nd1 Qd2 38.Qb2 Qxb2 39.Nxb2 Kg7 40.Nd1 Kf8 41.Nf2
Ke7 42.Kg3 h5 43.Nxe4 Rf5 44.Kh4 Nf6 45.Ng3 Rf2 46.Kg5 Ne4+ 47.Nxe4 Rxe2 
48.Ng3 Rxh2 49.Nf5+ Kd8 50.Nxd6 g3 51.c5 bxc5 52.Ne4 g2 0-1

[Event "16th EUR-ch"]
[Site "Jerusalem ISR"]
[Date "2015.03.05"]
[Round "9"]
[White "Van Kampen, Robin"]
[Black "Babula, Vlastimil"]
[Result "1/2-1/2"]
[WhiteElo "2626"]
[BlackElo "2545"]
[EventDate "2015.02.24"]
[PlyCount "81"]

1.e4 c5 2.Nf3 e6 3.d4 cxd4 4.Nxd4 Nc6 5.Nc3 d6 6.Be3 Nf6 7.Qd2 Be7 8.f3 
O-O 9.O-O-O a6 10.g4 Nxd4 11.Bxd4 b5 12.Kb1 Nd7 13.h4 Qc7 14.g5 b4 15.Na4 
Bb7 16.Qxb4 Bc6 17.Nc3 Rfb8 18.Qc4 Ne5 19.Qe2 Bb5 20.Nxb5 axb5 21.c3 Nc4 
22.b3 e5 23.Bg1 Qa5 24.Rd3 b4 25.Rd5 Na3+ 26.Ka1 Qc7 27.c4 Nb5 28.Rxb5 
Rxb5 29.a4 d5 30.Kb1 dxc4 31.Qxc4 Qd8 32.Qxb5 Qd1+ 33.Kb2 Qd2+ 34.Kb1 Qd1+
35.Kb2 Qd2+ 36.Kb1 Rc8 37.Bc4 Qd1+ 38.Kb2 Qd2+ 39.Kb1 Qd1+ 40.Kb2 Qd2+ 41.
Kb1 1/2-1/2

[Event "16th EUR-ch"]
[Site "Jerusalem ISR"]
[Date "2015.03.05"]
[Round "9"]
[White "Kempinski, Robert"]
[Black "Rasulov, Vugar"]
[Result "1-0"]
[WhiteElo "2625"]
[BlackElo "2508"]
[EventDate "2015.02.24"]
[PlyCount "141"]

1.d4 Nf6 2.c4 e6 3.Nc3 Bb4 4.Qc2 c5 5.dxc5 O-O 6.Nf3 Qa5 7.Bd2 Qxc5 8.e3 
d5 9.a3 Bxc3 10.Bxc3 Re8 11.b4 Qe7 12.Bd3 dxc4 13.Bxc4 b6 14.O-O Bb7 15.
Ne5 Rc8 16.b5 Nbd7 17.Bb4 Nc5 18.Nd3 Nd5 19.Bxd5 Bxd5 20.f3 Qe8 21.Bxc5 
Qxb5 22.Rfc1 bxc5 23.Nxc5 h6 24.Rab1 Qa5 25.Qc3 Qd8 26.e4 Bc6 27.Qe5 Be8 
28.h3 Rc6 29.Kh2 Qe7 30.Rb8 Rxb8 31.Qxb8 Kh7 32.Qe5 f6 33.Qd4 Qc7+ 34.Kg1 
f5 35.exf5 exf5 36.Qe3 Bg6 37.Nb3 Rxc1+ 38.Qxc1 Qe5 39.Qd2 Qe7 40.Qc1 Qd6 
41.Nc5 f4 42.Qc3 Bf5 43.Kh2 g5 44.Qc4 Bg6 45.Ne6 Qe7 46.a4 Bf7 47.Qc2+ Bg6
48.Qc6 Be8 49.Qa6 Bf7 50.Nd4 Qe1 51.Nf5 Qe6 52.Nd6 Kg7 53.a5 h5 54.Qd3 Qf6
55.a6 Bg6 56.Qa3 Qe5 57.Nc4 Qe1 58.Qb2+ Kh7 59.Nd2 Qf2 60.Qc1 Kh6 61.Qb2 
Kh7 62.Qb7+ Kh6 63.Ne4 Qd4 64.Qe7 Bxe4 65.fxe4 Qg7 66.Qc5 g4 67.Qd6+ Kg5 
68.h4+ Kxh4 69.Qxf4 Qb2 70.Qe3 Qc2 71.e5 1-0

[Event "16th EUR-ch"]
[Site "Jerusalem ISR"]
[Date "2015.03.05"]
[Round "9"]
[White "Bukavshin, Ivan"]
[Black "Klein, David"]
[Result "1-0"]
[WhiteElo "2622"]
[BlackElo "2505"]
[EventDate "2015.02.24"]
[PlyCount "119"]

1.d4 Nf6 2.c4 e6 3.Nf3 d5 4.Nc3 Nbd7 5.Bg5 dxc4 6.e3 a6 7.a4 b6 8.Bxc4 Bb7
9.O-O Be7 10.Qe2 O-O 11.Rfd1 Nh5 12.d5 exd5 13.Bxe7 Qxe7 14.Bxd5 c6 15.Nd4
cxd5 16.Qxh5 g6 17.Qe2 Rfd8 18.a5 bxa5 19.Nb3 Nf6 20.Nxa5 Kg7 21.h3 Rab8 
22.Nb3 Rdc8 23.Nd4 Rc4 24.Qd3 Rbc8 25.Nce2 Ne4 26.f3 Nf6 27.b3 R4c7 28.Qd2
Re8 29.Rac1 Rxc1 30.Rxc1 a5 31.Ng3 Kg8 32.Kf2 Ra8 33.Ra1 Qc7 34.Nge2 Bc8 
35.Qc3 Qxc3 36.Nxc3 Bd7 37.Ke2 Kf8 38.Kd2 Ke7 39.b4 Kd6 40.bxa5 Ne8 41.h4 
Kc5 42.Nb3+ Kc6 43.Rc1 Nd6 44.Kd3 Nc4 45.e4 Nxa5 46.exd5+ Kb7 47.Nc5+ Kc7 
48.N3e4 Nb7 49.Nxb7+ Kxb7 50.Kd4 Ra2 51.g4 f5 52.Nf6 Bc8 53.g5 Rh2 54.Ke5 
Rxh4 55.d6 h6 56.Rb1+ Kc6 57.Rb8 Bd7 58.Nxd7 Kxd7 59.Rb7+ Kc8 60.d7+ 1-0

[Event "16th EUR-ch"]
[Site "Jerusalem ISR"]
[Date "2015.03.05"]
[Round "9"]
[White "Banusz, Tamas"]
[Black "Swiercz, Dariusz"]
[Result "1/2-1/2"]
[WhiteElo "2582"]
[BlackElo "2617"]
[EventDate "2015.02.24"]
[PlyCount "158"]

1.c4 Nf6 2.Nf3 g6 3.Nc3 d5 4.d4 Bg7 5.cxd5 Nxd5 6.e4 Nxc3 7.bxc3 c5 8.Bb5+
Nd7 9.a4 O-O 10.O-O Nf6 11.Qd3 Qc7 12.Re1 Bg4 13.h3 c4 14.Qxc4 Qxc4 15.
Bxc4 Bxf3 16.gxf3 Rfc8 17.Be2 Rxc3 18.Be3 Ne8 19.e5 Nc7 20.Rac1 Nd5 21.Bc4
Rxc1 22.Rxc1 Nxe3 23.fxe3 e6 24.Bd3 Rd8 25.Be4 Rd7 26.Rc8+ Bf8 27.Kf2 Kg7 
28.Ke2 Bb4 29.Ra8 a6 30.Rb8 Rc7 31.Bxb7 a5 32.Be4 h5 33.f4 h4 34.Bd3 Rc1 
35.Rb7 Re1+ 36.Kf2 Rh1 37.Kg2 Re1 38.Kf2 Rc1 39.d5 exd5 40.e6 Kf6 41.exf7 
Rc8 42.Kf3 Bc5 43.Rb5 Kxf7 44.Rxa5 Rc6 45.Rb5 Kf6 46.a5 g5 47.fxg5+ Kxg5 
48.e4 dxe4+ 49.Kxe4 Rc8 50.a6 Kf6 51.Kf4 Bf2 52.Rf5+ Ke7 53.Kf3 Bb6 54.Rh5
Rf8+ 55.Ke4 Bf2 56.Bb5 Kd6 57.Rd5+ Kc7 58.Rd7+ Kb6 59.Rb7+ Kc5 60.Bd3 Kd6 
61.Be2 Re8+ 62.Kf3 Rf8+ 63.Kg2 Bc5 64.Bf3 Rg8+ 65.Kf1 Rg3 66.Bg4 Ra3 67.
Rh7 Ke5 68.Bc8 Ra4 69.Rh5+ Kd6 70.Ke2 Ra2+ 71.Kd3 Bf2 72.Kc3 Kc7 73.Rh8 
Bg3 74.Rg8 Ra1 75.Bb7 Kb6 76.Kc2 Ra5 77.Rg7 Rc5+ 78.Kd3 Rc3+ 79.Kd2 Bf4+ 
1/2-1/2

[Event "16th EUR-ch"]
[Site "Jerusalem ISR"]
[Date "2015.03.05"]
[Round "9"]
[White "Stefansson, Hannes"]
[Black "Erdos, Viktor"]
[Result "1-0"]
[WhiteElo "2573"]
[BlackElo "2615"]
[EventDate "2015.02.24"]
[PlyCount "76"]

1.e4 e5 2.Nf3 Nc6 3.Bb5 a6 4.Ba4 Nf6 5.O-O Be7 6.Re1 b5 7.Bb3 d6 8.c3 O-O 
9.h3 Na5 10.Bc2 c5 11.d4 Qc7 12.Nbd2 Re8 13.Nf1 g6 14.a4 Bd7 15.Bg5 Bc6 
16.Ne3 cxd4 17.cxd4 Nc4 18.Nxc4 bxc4 19.Qd2 Bb7 20.Rac1 Rac8 21.Bb1 Qb8 
22.d5 Nh5 23.Ba2 c3 24.Rxc3 Rxc3 25.Qxc3 Bxg5 26.Nxg5 Qd8 27.Nf3 Nf4 28.h4
Qd7 29.g3 Rc8 30.Qe3 Rc2 31.Ng5 Qg4 32.Bb3 Re2 33.Rxe2 Nxe2+ 34.Kh2 Nd4 
35.Qd3 Qc8 36.Bc4 a5 37.b3 Qc5 38.Kg2 Qc7 1-0

[Event "16th EUR-ch"]
[Site "Jerusalem ISR"]
[Date "2015.03.05"]
[Round "9"]
[White "Grandelius, Nils"]
[Black "Kantarji, Pinchas"]
[Result "1/2-1/2"]
[WhiteElo "2609"]
[BlackElo "2420"]
[EventDate "2015.02.24"]
[PlyCount "83"]

1.e4 c6 2.d4 d5 3.e5 Bf5 4.h4 h5 5.c4 e6 6.Nc3 Nd7 7.cxd5 cxd5 8.Bd3 Bxd3 
9.Qxd3 Ne7 10.Nf3 g6 11.Bg5 a6 12.O-O Qb8 13.Rfe1 Bh6 14.Bxh6 Rxh6 15.Ne2 
Rh8 16.Rac1 Qd8 17.Nf4 Nb8 18.Qb3 b5 19.a4 Qd7 20.axb5 Qxb5 21.Qxb5+ axb5 
22.Rc7 Nbc6 23.Rc1 Nd8 24.Nd3 Nf5 25.g3 Kf8 26.Rd7 Kg7 27.Rcc7 Rf8 28.Nc5 
Kg8 29.Kg2 Rb8 30.Kf1 Rb6 31.Rc8 Nc6 32.Rdc7 Rxc8 33.Rxc8+ Kg7 34.Nd7 Ra6 
35.Ng5 Nfxd4 36.f4 Nf5 37.Kg2 Ra7 38.Nf6 Nfe7 39.Re8 Rb7 40.Ra8 Rb8 41.Ra6
b4 42.Kf2 1/2-1/2

[Event "16th EUR-ch"]
[Site "Jerusalem ISR"]
[Date "2015.03.05"]
[Round "9"]
[White "Zhigalko, Andrey"]
[Black "Solak, Dragan"]
[Result "1-0"]
[WhiteElo "2572"]
[BlackElo "2607"]
[EventDate "2015.02.24"]
[PlyCount "97"]

1.d4 d5 2.c4 c6 3.Nc3 Nf6 4.e3 a6 5.Qc2 e6 6.c5 Nbd7 7.Nf3 g6 8.e4 Nxe4 9.
Nxe4 dxe4 10.Qxe4 Bg7 11.Bc4 O-O 12.O-O Nf6 13.Qe2 Nd5 14.Bd2 Qc7 15.b4 
Bd7 16.Rfe1 Rae8 17.Qd3 f6 18.Re2 Kh8 19.Rae1 e5 20.Qb3 Nf4 21.Bxf4 exf4 
22.h3 Rxe2 23.Rxe2 Re8 24.Rxe8+ Bxe8 25.a4 Qe7 26.b5 axb5 27.axb5 g5 28.
bxc6 bxc6 29.Qb8 Bf8 30.d5 cxd5 31.Bxd5 Bh5 32.Nd4 Qe8 33.Qxe8 Bxe8 34.c6 
Bd6 35.Nb5 Be5 36.c7 Bd7 37.Bb7 Bxc7 38.Nxc7 Kg7 39.Bd5 Kg6 40.Ne6 Ba4 41.
Nd4 h5 42.Bc6 Bxc6 43.Nxc6 g4 44.Nd4 Kg5 45.f3 Kh4 46.fxg4 hxg4 47.hxg4 
Kg3 48.Ne2+ Kxg4 49.Kf2 1-0

[Event "16th EUR-ch"]
[Site "Jerusalem ISR"]
[Date "2015.03.05"]
[Round "9"]
[White "Zubov, Alexander"]
[Black "Kraus, Ohad"]
[Result "1-0"]
[WhiteElo "2607"]
[BlackElo "2190"]
[EventDate "2015.02.24"]
[PlyCount "67"]

1.d4 Nf6 2.c4 g6 3.Nc3 Bg7 4.Nf3 O-O 5.Bf4 d6 6.e3 c5 7.d5 Qa5 8.Nd2 Na6 
9.Be2 Re8 10.e4 Qd8 11.O-O Nc7 12.Re1 e5 13.Bg5 b6 14.a3 h6 15.Bh4 a5 16.
Rb1 Na6 17.Nb5 Qd7 18.h3 h5 19.Bg5 Nh7 20.Be3 Bf6 21.Qb3 Qe7 22.f4 exf4 
23.Bxf4 Be5 24.Qg3 Bxf4 25.Qxf4 Rd8 26.Nf3 Nc7 27.Nxc7 Qxc7 28.e5 Bf5 29.
Rbd1 Qe7 30.Bd3 Bxd3 31.Rxd3 dxe5 32.Nxe5 f6 33.Nf3 Qd6 34.Re8+ 1-0

[Event "16th EUR-ch"]
[Site "Jerusalem ISR"]
[Date "2015.03.05"]
[Round "9"]
[White "Yilmaz, Mustafa"]
[Black "Riazantsev, Alexander"]
[Result "1/2-1/2"]
[WhiteElo "2570"]
[BlackElo "2688"]
[EventDate "2015.02.24"]
[PlyCount "103"]

1.c4 e6 2.g3 d5 3.Bg2 dxc4 4.Qa4+ Qd7 5.Qxc4 c5 6.Nf3 Nc6 7.O-O Nf6 8.b3 
b6 9.Bb2 Bb7 10.Qa4 Bd6 11.Na3 Rd8 12.Rac1 O-O 13.Rfd1 Bb8 14.d4 Nb4 15.
Qxd7 Nxd7 16.Ra1 Bxf3 17.Bxf3 cxd4 18.Bxd4 Be5 19.Be4 f5 20.Nc2 Nxc2 21.
Bxc2 Rc8 22.Bxe5 Nxe5 23.Rac1 g5 24.Kg2 Kf7 25.Bd3 Nxd3 26.Rxc8 Rxc8 27.
Rxd3 Ke7 28.b4 a5 29.bxa5 bxa5 30.Kf3 Rc4 31.Ke3 h5 32.Rd4 Rc3+ 33.Rd3 Rc5
34.f4 g4 35.Rb3 Kd6 36.Kd3 Rc1 37.Rb6+ Ke7 38.Rb7+ Kf6 39.Rh7 Kg6 40.Re7 
Kf6 41.Rh7 Rd1+ 42.Ke3 Ra1 43.Rxh5 Ke7 44.h3 gxh3 45.Rxh3 Rxa2 46.Rh8 Ra3+
47.Kf2 a4 48.Ra8 Kd6 49.Ra5 Ra1 50.Ke3 a3 51.Kd4 a2 52.Ke3 1/2-1/2

[Event "16th EUR-ch"]
[Site "Jerusalem ISR"]
[Date "2015.03.05"]
[Round "9"]
[White "Barnaure, Vlad-Victor"]
[Black "Ivanisevic, Ivan"]
[Result "1/2-1/2"]
[WhiteElo "2508"]
[BlackElo "2638"]
[EventDate "2015.02.24"]
[PlyCount "125"]

1.d4 Nf6 2.Nf3 c5 3.d5 b5 4.Bg5 Qb6 5.Bxf6 Qxf6 6.c3 Qb6 7.a4 b4 8.Nbd2 
Ba6 9.e4 g6 10.Bxa6 Qxa6 11.Qb3 Bg7 12.cxb4 cxb4 13.Qxb4 d6 14.Qb5+ Qxb5 
15.axb5 Nd7 16.Nc4 O-O 17.Nfd2 Nb6 18.Ke2 Nxc4 19.Nxc4 Rfc8 20.Kd3 Rab8 
21.Ra5 Rc5 22.b4 Rcxb5 23.Rxb5 Rxb5 24.Rb1 f5 25.f3 Kf7 26.Rb3 Bf6 27.Na5 
Rb6 28.Kc4 e6 29.Ra3 a6 30.Nc6 h5 31.Ra5 fxe4 32.fxe4 g5 33.Ra2 g4 34.g3 
Kg6 35.Na7 Be5 36.Nc8 exd5+ 37.exd5 Rb8 38.Ne7+ Kg5 39.Nc6 Rb6 40.Nxe5 
dxe5 41.Rd2 Kf6 42.d6 Rc6+ 43.Kd5 Rc3 44.d7 Ke7 45.Kxe5 Kd8 46.Kf5 Rb3 47.
Kg6 Rxb4 48.Kxh5 a5 49.h3 gxh3 50.g4 a4 51.g5 Rb1 52.Kh4 Rg1 53.Kxh3 Rxg5 
54.Ra2 Ra5 55.Kg4 Kxd7 56.Kf4 Kc6 57.Ke4 Kc5 58.Kd3 Kb4 59.Rb2+ Ka3 60.Rb8
Rc5 61.Kd2 Ka2 62.Rb7 a3 63.Rb8 1/2-1/2

[Event "16th EUR-ch"]
[Site "Jerusalem ISR"]
[Date "2015.03.05"]
[Round "9"]
[White "Demchenko, Anton"]
[Black "Andersen, Mads"]
[Result "1/2-1/2"]
[WhiteElo "2615"]
[BlackElo "2494"]
[EventDate "2015.02.24"]
[PlyCount "146"]

1.e4 e6 2.d4 d5 3.Nd2 c5 4.exd5 Qxd5 5.dxc5 Nf6 6.Nb3 Qxd1+ 7.Kxd1 Bd7 8.
Nf3 Ba4 9.Nfd4 Nbd7 10.Bb5 Bxb3 11.Nxb3 O-O-O 12.c6 bxc6 13.Be2 Nc5+ 14.
Ke1 Nxb3 15.axb3 Bc5 16.c3 Bb6 17.Ra4 e5 18.g3 Nd7 19.b4 h5 20.Kf1 Nf6 21.
Kg2 Ne4 22.c4 Bd4 23.Rf1 h4 24.h3 f5 25.Bf3 Nxf2 26.Rxf2 Bxf2 27.Kxf2 
hxg3+ 28.Kxg3 Rd3 29.Rxa7 f4+ 30.Kg2 Rxh3 31.Kxh3 Rxf3+ 32.Kg4 Rd3 33.Ra3 
Rd1 34.Rc3 Re1 35.Kf3 g5 36.Kg4 Rg1+ 37.Kf5 f3 38.Be3 Re1 39.Bc5 e4 40.
Kxg5 Re2 41.Rc1 f2 42.Rf1 e3 43.Bxe3 Rxe3 44.Rxf2 Rb3 45.Rc2 Rxb4 46.Kf5 
Kc7 47.Ke5 Rb3 48.Kd4 Kb6 49.Rh2 Rg3 50.Rh8 Rg4+ 51.Kc3 Rg3+ 52.Kb4 Rg4 
53.b3 Rf4 54.Ka4 Rg4 55.Rh1 Rf4 56.Rc1 Rh4 57.Kb4 Rg4 58.Rd1 Rh4 59.Kc3 
Kc5 60.b4+ Kb6 61.Kb3 Rg4 62.Rd7 Rg3+ 63.Ka4 c5 64.Rd6+ Kc7 65.bxc5 Rg1 
66.Rh6 Rb1 67.Ka3 Rb8 68.Ka4 Rb1 69.Ka5 Rb2 70.Rb6 Ra2+ 71.Kb4 Rb2+ 72.Kc3
Rxb6 73.cxb6+ Kxb6 1/2-1/2

[Event "16th EUR-ch"]
[Site "Jerusalem ISR"]
[Date "2015.03.05"]
[Round "9"]
[White "Pantsulaia, Levan"]
[Black "Neverov, Valeriy"]
[Result "1-0"]
[WhiteElo "2615"]
[BlackElo "2485"]
[EventDate "2015.02.24"]
[PlyCount "61"]

1.Nf3 Nf6 2.g3 g6 3.b3 d5 4.Bg2 Bg7 5.Bb2 O-O 6.O-O Bg4 7.c4 c6 8.d3 Nbd7 
9.Nbd2 Re8 10.Rc1 e6 11.Ne5 Bh5 12.Nxd7 Nxd7 13.Bxg7 Kxg7 14.Qe1 f5 15.b4 
Nf6 16.Nb3 e5 17.cxd5 cxd5 18.Qd2 b6 19.Rc6 Rc8 20.Rfc1 Rxc6 21.Rxc6 Qd7 
22.b5 h6 23.f4 Qe7 24.Qc3 d4 25.Qc4 Qf7 26.fxe5 Rxe5 27.Nxd4 Qxc4 28.dxc4 
Bxe2 29.Rc7+ Kf8 30.Bd5 Bd1 31.Rf7+ 1-0

[Event "16th EUR-ch"]
[Site "Jerusalem ISR"]
[Date "2015.03.05"]
[Round "9"]
[White "Raznikov, Danny"]
[Black "Goganov, Aleksey"]
[Result "0-1"]
[WhiteElo "2494"]
[BlackElo "2605"]
[EventDate "2015.02.24"]
[PlyCount "126"]

1.d4 Nf6 2.c4 e6 3.Nc3 Bb4 4.Qc2 O-O 5.e4 d5 6.e5 Ne4 7.Bd3 c5 8.Nf3 cxd4 
9.Nxd4 Nd7 10.Bf4 Ndc5 11.O-O Bxc3 12.bxc3 Nxd3 13.Qxd3 Bd7 14.cxd5 exd5 
15.c4 Qa5 16.cxd5 Qxd5 17.f3 Nc5 18.Qe3 Na4 19.Nb3 Nb2 20.Rab1 Nc4 21.Qf2 
b6 22.Rfd1 Qe6 23.Rd4 Rac8 24.Rbd1 Ba4 25.Re1 Rfd8 26.Bg5 Re8 27.Rde4 Qg6 
28.h4 Bd7 29.Nd4 h6 30.Bf4 Bf5 31.h5 Qh7 32.Nxf5 Qxf5 33.g4 Qe6 34.Qg3 Kh7
35.Bc1 Rc5 36.f4 Qc6 37.Qd3 Kg8 38.Qd1 b5 39.Rd4 Qb6 40.Kg2 Rec8 41.Qd3 b4
42.Rd1 a5 43.Rd8+ Rxd8 44.Qxd8+ Qxd8 45.Rxd8+ Kh7 46.e6 fxe6 47.g5 hxg5 
48.fxg5 Ne5 49.g6+ Nxg6 50.hxg6+ Kxg6 51.Be3 Rc2+ 52.Rd2 Rxd2+ 53.Bxd2 Kf5
54.Kf3 Ke5 55.a3 bxa3 56.Bxa5 a2 57.Bc3+ Kf5 58.Bb2 g5 59.Bc3 g4+ 60.Kg3 
e5 61.Bb2 e4 62.Kf2 Kf4 63.Bc1+ e3+ 0-1

[Event "16th EUR-ch"]
[Site "Jerusalem ISR"]
[Date "2015.03.05"]
[Round "9"]
[White "Potkin, Vladimir"]
[Black "Sadzikowski, Daniel"]
[Result "1/2-1/2"]
[WhiteElo "2605"]
[BlackElo "2492"]
[EventDate "2015.02.24"]
[PlyCount "78"]

1.d4 Nf6 2.c4 g6 3.Nc3 d5 4.Nf3 Bg7 5.Bg5 Ne4 6.Bf4 Nxc3 7.bxc3 c5 8.cxd5 
Qxd5 9.e3 cxd4 10.cxd4 Nc6 11.Be2 Qa5+ 12.Qd2 O-O 13.Qxa5 Nxa5 14.O-O Be6 
15.Rfc1 Rac8 16.Ne1 Rxc1 17.Rxc1 Rc8 18.Rxc8+ Bxc8 19.Nd3 Bf8 20.Bc7 b6 
21.Kf1 e6 22.Ke1 Bb7 23.Bb8 Nc6 24.Bf3 Nxb8 25.Bxb7 Ba3 26.Kd2 Kf8 27.e4 
Ke8 28.f4 Kd8 29.g4 Kc7 30.Ba8 Nd7 31.e5 b5 32.Bg2 Nb6 33.f5 gxf5 34.gxf5 
exf5 35.Bh3 h6 36.Bxf5 a5 37.Bg4 Be7 38.Bf3 Bg5+ 39.Kc2 f6 1/2-1/2

[Event "16th EUR-ch"]
[Site "Jerusalem ISR"]
[Date "2015.03.05"]
[Round "9"]
[White "Marin, Mihail"]
[Black "Ducarmon, Quinten"]
[Result "1-0"]
[WhiteElo "2603"]
[BlackElo "2482"]
[EventDate "2015.02.24"]
[PlyCount "55"]

1.d4 d5 2.c4 c6 3.Nf3 Nf6 4.Nc3 dxc4 5.a4 Na6 6.e4 Bg4 7.Bxc4 Bxf3 8.gxf3 
e6 9.O-O Nb4 10.Kh1 Be7 11.Rg1 g6 12.Be3 Qc7 13.f4 O-O-O 14.Qf3 Nc2 15.
Rac1 Nxd4 16.Bxd4 Rxd4 17.Nb5 cxb5 18.Bxe6+ fxe6 19.Rxc7+ Kxc7 20.Qc3+ Rc4
21.Qe5+ Kc8 22.Qxe6+ Kd8 23.e5 Nh5 24.axb5 Rc7 25.b6 axb6 26.Ra1 Rd7 27.
Ra8+ Kc7 28.Qc4+ 1-0

[Event "16th EUR-ch"]
[Site "Jerusalem ISR"]
[Date "2015.03.05"]
[Round "9"]
[White "Batsiashvili, Nino"]
[Black "Svetushkin, Dmitry"]
[Result "0-1"]
[WhiteElo "2475"]
[BlackElo "2592"]
[EventDate "2015.02.24"]
[PlyCount "72"]

1.d4 d5 2.c4 c6 3.Nf3 Nf6 4.e3 Bf5 5.Nc3 e6 6.Nh4 Be4 7.f3 Bg6 8.Qb3 Qc7 
9.Bd2 Be7 10.g3 Bh5 11.Rc1 g5 12.cxd5 gxh4 13.g4 Bg6 14.d6 Qxd6 15.Qxb7 
Qd7 16.Qxa8 O-O 17.Na4 Rc8 18.b4 Na6 19.Nb6 axb6 20.Qxa6 Nd5 21.a3 h3 22.
e4 Bh4+ 23.Kd1 Nf6 24.Qd3 Rd8 25.Bxh3 c5 26.Ke2 Qb7 27.bxc5 Nxe4 28.fxe4 
Bxe4 29.Qc3 bxc5 30.dxc5 Qb5+ 31.Kd1 Bg5 32.c6 Rxd2+ 33.Qxd2 Qb3+ 34.Ke1 
Bh4+ 35.Qf2 Qe3+ 36.Kd1 Qxf2 0-1

[Event "16th EUR-ch"]
[Site "Jerusalem ISR"]
[Date "2015.03.05"]
[Round "9"]
[White "Givon, Asaf"]
[Black "Bok, Benjamin"]
[Result "1/2-1/2"]
[WhiteElo "2473"]
[BlackElo "2587"]
[EventDate "2015.02.24"]
[PlyCount "119"]

1.e4 c5 2.Nf3 e6 3.d4 cxd4 4.Nxd4 Nc6 5.Nc3 Qc7 6.Be3 a6 7.Qf3 Ne5 8.Qg3 
h5 9.Bf4 d6 10.Bg5 Ng6 11.O-O-O h4 12.Qd3 b5 13.a3 Nf6 14.Kb1 Rb8 15.Qd2 
Bd7 16.f4 Qb6 17.f5 Ne5 18.fxe6 fxe6 19.Nf3 b4 20.axb4 Qxb4 21.b3 Bc6 22.
Qd4 a5 23.Nxe5 Qxd4 24.Rxd4 dxe5 25.Rc4 Kd7 26.Be2 Rb4 27.Re1 h3 28.g3 
Rxc4 29.Bxc4 Bb4 30.Rd1+ Kc7 31.Bxf6 gxf6 32.Kb2 Bxc3+ 33.Kxc3 Bxe4 34.
Bxe6 f5 35.Rd7+ Kb6 36.Rf7 Rh6 37.Bxf5 Rc6+ 38.Kb2 Rxc2+ 39.Ka3 Bxf5 40.
Rxf5 Rxh2 41.Rxe5 Rg2 42.Rg5 Rg1 43.Rh5 Rxg3 44.Ka4 Kc6 45.Rxa5 Rg4+ 46.b4
Rh4 47.Rc5+ Kb6 48.Rc1 h2 49.Rh1 Rh3 50.b5 Kc5 51.b6 Kxb6 52.Kb4 Kc6 53.
Kc4 Kd6 54.Kd4 Ke6 55.Ke4 Kf6 56.Kf4 Kg6 57.Kg4 Rh8 58.Kg3 Kg5 59.Rxh2 
Rxh2 60.Kxh2 1/2-1/2

[Event "16th EUR-ch"]
[Site "Jerusalem ISR"]
[Date "2015.03.05"]
[Round "9"]
[White "Chekhov, Sergei"]
[Black "Parligras, Mircea-Emilian"]
[Result "0-1"]
[WhiteElo "2470"]
[BlackElo "2583"]
[EventDate "2015.02.24"]
[PlyCount "82"]

1.e4 g6 2.d4 Bg7 3.Nc3 d6 4.g3 Nf6 5.Bg2 O-O 6.Nge2 e5 7.O-O exd4 8.Nxd4 
Bg4 9.f3 Bd7 10.h3 Nc6 11.Nde2 a6 12.a4 Rb8 13.a5 Re8 14.Kh2 Nb4 15.Bg5 h6
16.Be3 Qe7 17.Qd2 Kh7 18.Bf2 Rbd8 19.Rfe1 Qf8 20.Nd5 Nbxd5 21.exd5 Bc8 22.
c4 Nd7 23.Rad1 Re7 24.Nd4 Rde8 25.b4 Qh8 26.Rxe7 Rxe7 27.f4 Qe8 28.Qc2 Nf6
29.b5 Bd7 30.Rb1 Ne4 31.bxa6 bxa6 32.Bxe4 Bxd4 33.Bd3 Bxf2 34.Qxf2 Bf5 35.
Qf1 Bxd3 36.Qxd3 Re2+ 37.Kg1 Re3 38.Qd4 Rxg3+ 39.Kh2 Ra3 40.Rb2 Qd7 41.Rb8
Qxh3+ 0-1

[Event "16th EUR-ch"]
[Site "Jerusalem ISR"]
[Date "2015.03.05"]
[Round "9"]
[White "Yilmazyerli, Mert"]
[Black "Huzman, Alexander"]
[Result "1/2-1/2"]
[WhiteElo "2465"]
[BlackElo "2582"]
[EventDate "2015.02.24"]
[PlyCount "31"]

1.d4 Nf6 2.Nf3 d5 3.c4 c6 4.cxd5 cxd5 5.Nc3 Nc6 6.Bf4 Bf5 7.e3 e6 8.Bd3 
Bxd3 9.Qxd3 Be7 10.h3 O-O 11.O-O a6 12.Rfc1 Nd7 13.Nd2 Qb6 14.a3 Rfc8 15.
b4 Qd8 16.Na4 1/2-1/2

[Event "16th EUR-ch"]
[Site "Jerusalem ISR"]
[Date "2015.03.05"]
[Round "9"]
[White "Ter-Sahakyan, Samvel"]
[Black "Battaglini, Gabriel"]
[Result "1-0"]
[WhiteElo "2580"]
[BlackElo "2460"]
[EventDate "2015.02.24"]
[PlyCount "67"]

1.e4 e6 2.d4 d5 3.Nd2 Nc6 4.Ngf3 Nf6 5.e5 Nd7 6.c3 f6 7.Bb5 fxe5 8.dxe5 
Be7 9.O-O O-O 10.Re1 Qe8 11.Nd4 Nxd4 12.cxd4 c5 13.Nf3 Qh5 14.Be2 Qf7 15.
Be3 a5 16.dxc5 Bxc5 17.Bd3 Bxe3 18.Rxe3 g6 19.Rc1 Nb8 20.Bb5 Na6 21.Qd2 b6
22.Bxa6 Rxa6 23.Nd4 Bd7 24.Rc7 Raa8 25.g3 Rfc8 26.Rec3 Qe8 27.h4 Qd8 28.
Rxc8 Rxc8 29.Rxc8 Bxc8 30.Qh6 Ba6 31.h5 Qe8 32.Qg5 Qa4 33.Qd8+ Kf7 34.Qf6+
1-0

[Event "16th EUR-ch"]
[Site "Jerusalem ISR"]
[Date "2015.03.05"]
[Round "9"]
[White "Sanal, Vahap"]
[Black "Dvoirys, Semen"]
[Result "1/2-1/2"]
[WhiteElo "2460"]
[BlackElo "2578"]
[EventDate "2015.02.24"]
[PlyCount "168"]

1.Nf3 Nf6 2.c4 c5 3.b3 g6 4.Bb2 Bg7 5.e3 O-O 6.Be2 Nc6 7.O-O d5 8.cxd5 
Qxd5 9.d3 Rd8 10.a3 b6 11.Qc2 Ba6 12.Rd1 Rac8 13.Nc3 Qd7 14.Ne4 Nxe4 15.
dxe4 Qb7 16.Bxa6 Qxa6 17.e5 e6 18.h4 h6 19.Rac1 Qb5 20.Ba1 Rxd1+ 21.Rxd1 
Na5 22.b4 Nc4 23.Qe4 Qa4 24.Rc1 b5 25.bxc5 Qxa3 26.Rb1 Rxc5 27.Qa8+ Bf8 
28.Bd4 Rd5 29.Ra1 Qxa1+ 30.Bxa1 Rd1+ 31.Kh2 Rxa1 32.Qc6 Rb1 33.Qa6 Rb2 34.
Kg3 Nd2 35.Nxd2 Rxd2 36.Qxb5 Rd5 37.Qb2 a5 38.Qa1 a4 39.Qxa4 Rxe5 40.Qa8 
h5 41.Kf3 Rc5 42.g3 Rb5 43.Qe8 Ra5 44.Qb8 Rc5 45.Qb1 Ra5 46.Ke2 Rd5 47.f4 
Ra5 48.Qb2 Rc5 49.Kf3 Ra5 50.Ke2 Rc5 51.Qa1 Rb5 52.Qa8 Rc5 53.Qa7 Rb5 54.
Kd3 Rb2 55.Kc4 Rb4+ 56.Kc3 Rb1 57.e4 Rb4 58.Qa8 Rb5 59.Qd8 Rc5+ 60.Kd4 Rb5
61.Kc3 Rc5+ 62.Kd2 Rb5 63.Kc3 Rc5+ 64.Kb3 Rb5+ 65.Ka2 Rc5 66.e5 Rd5 67.Qg5
Rd7 68.f5 exf5 69.e6 Re7 70.exf7+ Kxf7 71.Qd2 Re4 72.Qd5+ Kg7 73.Qd7+ Kh6 
74.Qd2+ Kh7 75.Qd7+ Bg7 76.Qd6 Rg4 77.Kb3 Re4 78.Qc7 Kh6 79.Qc1+ Kh7 80.
Qc7 Rd4 81.Ka2 Rg4 82.Kb3 Re4 83.Ka2 Rg4 84.Kb3 Re4 1/2-1/2

[Event "16th EUR-ch"]
[Site "Jerusalem ISR"]
[Date "2015.03.05"]
[Round "9"]
[White "Michalik, Peter"]
[Black "Kantsler, Boris"]
[Result "1-0"]
[WhiteElo "2576"]
[BlackElo "2435"]
[EventDate "2015.02.24"]
[PlyCount "69"]

1.d4 d6 2.Nf3 g6 3.g3 Bg7 4.Bg2 Nf6 5.O-O O-O 6.c4 c6 7.Nc3 Bf5 8.Nh4 Be6 
9.Qd3 d5 10.cxd5 Nxd5 11.Nf3 Nb6 12.Rd1 Na6 13.e4 Bg4 14.h3 Bxf3 15.Qxf3 
e5 16.dxe5 Qe7 17.Qe2 Bxe5 18.Be3 Rfd8 19.f4 Bg7 20.e5 f6 21.exf6 Bxf6 22.
Ne4 Bg7 23.h4 Rxd1+ 24.Rxd1 Rd8 25.Kh2 Rxd1 26.Qxd1 Nc4 27.Bxa7 b5 28.b3 
Qxa7 29.Qd8+ Bf8 30.bxc4 Nb4 31.Nf6+ Kg7 32.Nd7 Bc5 33.Qf6+ Kg8 34.Qe6+ 
Kg7 35.Qe5+ 1-0

[Event "16th EUR-ch"]
[Site "Jerusalem ISR"]
[Date "2015.03.05"]
[Round "9"]
[White "Hansen, Sune Berg"]
[Black "Ferreira, Jorge Viterbo"]
[Result "1-0"]
[WhiteElo "2571"]
[BlackElo "2427"]
[EventDate "2015.02.24"]
[PlyCount "39"]

1.Nf3 d5 2.d4 Nf6 3.c4 c6 4.e3 Bf5 5.Nc3 a6 6.Bd2 h6 7.cxd5 cxd5 8.Ne5 e6 
9.Qb3 Ra7 10.Rc1 Nbd7 11.Bb5 Bd6 12.Bxd7+ Nxd7 13.Nxd7 Qxd7 14.Na4 Bc7 15.
Nb6 Qd8 16.Qa4+ Kf8 17.Qd7 Qxd7 18.Nxd7+ Ke7 19.Rxc7 Kd6 20.Ba5 1-0

[Event "16th EUR-ch"]
[Site "Jerusalem ISR"]
[Date "2015.03.05"]
[Round "9"]
[White "Kovalev, Vladislav"]
[Black "Mikaelyan, Arman"]
[Result "1/2-1/2"]
[WhiteElo "2531"]
[BlackElo "2418"]
[EventDate "2015.02.24"]
[PlyCount "96"]

1.e4 e5 2.Nf3 Nc6 3.d4 exd4 4.Nxd4 Bb4+ 5.c3 Bc5 6.Be3 Bb6 7.Nf5 Bxe3 8.
Nxe3 Nge7 9.g3 O-O 10.Bg2 d6 11.O-O Kh8 12.f4 f5 13.Nd2 fxe4 14.Nxe4 Nf5 
15.Re1 Nce7 16.Ng5 h6 17.Nxf5 Nxf5 18.Qh5 g6 19.Qxg6 hxg5 20.fxg5 Bd7 21.
Re4 Bc6 22.Rf4 Bxg2 23.Kxg2 Qe8 24.Qxe8 Raxe8 25.h4 Ne3+ 26.Kh3 Rxf4 27.
gxf4 Kg7 28.h5 d5 29.Kg3 c5 30.Kf3 Nf5 31.Kg4 Ne3+ 32.Kf3 d4 33.cxd4 cxd4 
34.Re1 Rd8 35.Ke4 Re8+ 36.Kd3 Rc8 37.Re2 Rd8 38.Rd2 Nf5 39.Re2 Ne3 40.Rd2 
Nf5 41.Rc2 Rd7 42.Rc8 Ne7 43.h6+ Kg6 44.Rf8 Nd5 45.a3 a6 46.Rg8+ Kf5 47.
Rf8+ Kg6 48.Rg8+ Kf5 1/2-1/2

[Event "16th EUR-ch"]
[Site "Jerusalem ISR"]
[Date "2015.03.05"]
[Round "9"]
[White "Forster, Richard"]
[Black "Abasov, Nijat"]
[Result "1/2-1/2"]
[WhiteElo "2446"]
[BlackElo "2523"]
[EventDate "2015.02.24"]
[PlyCount "65"]

1.d4 Nf6 2.Bg5 Ne4 3.Bf4 d5 4.e3 c5 5.Bd3 Nf6 6.Nf3 Nc6 7.c4 cxd4 8.exd4 
dxc4 9.Bxc4 e6 10.O-O Be7 11.Nc3 O-O 12.a3 b6 13.Qd3 Bb7 14.Rad1 Na5 15.
Ba2 Nd5 16.Bc1 Rc8 17.Ne5 f5 18.Rfe1 Re8 19.Qh3 Bf6 20.Qh5 Re7 21.Rd3 g6 
22.Rg3 Bxe5 23.Rxe5 Nc4 24.Re1 Nxc3 25.bxc3 Qf8 26.Bf4 Bd5 27.Bxc4 Rxc4 
28.Qg5 Rf7 29.h4 Qe7 30.Qh6 Qf8 31.Qg5 Qe7 32.Qh6 Qf8 33.Qg5 1/2-1/2